Participation and Reconciliation (Record no. 64627)
[ view plain ]
| 000 -LEADER | |
|---|---|
| fixed length control field | 01286nam a2200217Ii 4500 |
| 008 - FIXED-LENGTH DATA ELEMENTS--GENERAL INFORMATION | |
| fixed length control field | 221202s xx 000 0 und d |
| 245 #0 - TITLE STATEMENT | |
| Title | Participation and Reconciliation |
| 246 ## - VARYING FORM OF TITLE | |
| Title proper/short title | Preconditions of Justice |
| 264 #1 - PRODUCTION, PUBLICATION, DISTRIBUTION, MANUFACTURE, AND COPYRIGHT NOTICE | |
| Place of production, publication, distribution, manufacture | Leverkusen-Opladen |
| Name of producer, publisher, distributor, manufacturer | Verlag Barbara Budrich |
| Date of production, publication, distribution, manufacture, or copyright notice | 2011 |
| 300 ## - PHYSICAL DESCRIPTION | |
| Extent | 1 online resource (268 pages) |
| 336 ## - CONTENT TYPE | |
| Content type term | text |
| Content type code | txt |
| Source | rdacontent |
| 337 ## - MEDIA TYPE | |
| Media type term | computer |
| Media type code | c |
| Source | rdamedia |
| 338 ## - CARRIER TYPE | |
| Carrier type term | online resource |
| Carrier type code | cr |
| Source | rdacarrier |
| 490 ## - SERIES STATEMENT | |
| Series statement | Schriften der Katholischen Hochschule Nordrhein-Westfalen |
| Volume/sequential designation | 16 |
| 520 ## - SUMMARY, ETC. | |
| Summary, etc. | In order to make justice work, participation and reconciliation is needed within and between societies, peoples, and nations. In this compilation, authors—senior academics as well as students-- from Bethlehem University, Israel, and the Catholic University of Applied Sciences, Cologne, Germany, contribute to this important field. Thus, to some extent, the book in itself is an example of the subjects it deals with. |
| 653 ## - INDEX TERM--UNCONTROLLED | |
| Uncontrolled term | Social & Cultural Anthropology |
| 700 1# - ADDED ENTRY--PERSONAL NAME | |
| Personal name | Adwan, Sami |
| 700 1# - ADDED ENTRY--PERSONAL NAME | |
| Personal name | Wildfeuer, Armin G. |
| 856 ## - ELECTRONIC LOCATION AND ACCESS | |
| Uniform Resource Identifier | <a href="https://library.oapen.org/bitstream/20.500.12657/23725/1/1006419.pdfhttps://shop.budrich-academic.de/produkt/participation-and-reconciliation/http://library.oapen.org/handle/20.500.12657/23725">https://library.oapen.org/bitstream/20.500.12657/23725/1/1006419.pdfhttps://shop.budrich-academic.de/produkt/participation-and-reconciliation/http://library.oapen.org/handle/20.500.12657/23725</a> |
| 942 ## - ADDED ENTRY ELEMENTS (KOHA) | |
| Koha item type | E-Book |
| Withdrawn status | Damaged status | Not for loan | Home library | Current library | Date acquired | Total Checkouts | Date last seen | Price effective from | Koha item type |
|---|---|---|---|---|---|---|---|---|---|
| Directory of Open Access Books | Directory of Open Access Books | 11/28/2022 | 11/28/2022 | 11/28/2022 | E-Book |